Culture Générale - Série 1856 - Statistiques

Statistiques générales
  • Ce quiz a été pris 100 fois
  • Le résultat moyen est 3 sur 10
Statistiques - réponses
Question Réponse % Correct
Ces 2 villes françaises portent le même nom : .... en Provence et .... les Bains Aix
97%
Qui est l'auteur de la pièce de théâtre "Cyrano de Bergerac" en 1897 ? Edmond Rostand
74%
Comment appelle-t-on la variété de pêches, lisse et brillante et qui se distingue par l'absence de duvet sur la peau ? nectarine
62%
Dans la mythologie grecque, il est le fils d'Agamemnon et le frère d'Electre. Oreste
24%
Quel mot latin désigne un agenda, un aide-mémoire, un guide de voyage ? vade-mecum
24%
Quelle technique consiste à faire accoucher les esprits de leurs connaissances ? maieutique
15%
Comment appelle-t-on le type de voilier multicoque particulier, dérivé des pirogues à balancier des îles de la Polynésie ? - voir photo prao
11%
Quel verbe du 1er groupe, synonyme de fouiller, fouiner, signifie "chercher, s'introduire partout avec curiosité dans l'espoir d'une découverte" ? fureter
8%
Quel verbe du 1er groupe signifie "évoluer avec vivacité et facilité" ou "prendre une position prédominante, très au-delà des concurrents" ? caracoler
6%
Mot créole pour désigner l'eau de vie de canne à sucre tafia
1%
Aucun quiz correspondant
Distribution des résultats
% des personnes avec chaque résultat
Percentile par nombre de réponses
Votre historique - résultats
Vous n’avez pas pris ce quiz